000 00413nam a2200157Ia 4500
008 231217s9999 xx 000 0 und d
041 _aEnglish
082 _a001.6424UNI DAS;21 R
100 _aDas, Sumitabha
245 0 _aUnix : concepts and applications
250 _a2nd ed
260 _c2003
_bTata McGraw-Hill
_aNew Delhi
300 _axxii+673
650 _aUnix,:,concept,application
942 _cAA
999 _c170382
_d170382